00672nam a2200121Ia 4500008004100000020001800041100003500059245011500094260002700209650001400236650026000250856004000510171212s9999 xx 000 0 und d a9780833036728 aLarson, Eric V.;Savych, Bogdan cLarson, Eric V.;Savych, BogdanaAmerican Public Support for U.S. Military Operations from Mogadishu to Baghdad bRAND Corporationc2005 aSociology aUnited States -- Foreign relations -- 1989 -- Public opinion; United States -- Military policy -- Public opinion; Intervention (International law) -- Public opinion; War -- Public opinion; Public opinion -- United States; United States -- History, Militar uwww.jstor.org/stable/10.7249/mg231a